LIBRARY & INFORMATION CENTRE, KCAET, TAVANUR

ONLINE PUBLIC ACCESS CATALOGUE (OPAC)

Ambili akaleyanu (Record no. 4329)

MARC details
000 -LEADER
fixed length control field 00388cam a2200169ua 4500
041 ## - LANGUAGE CODE
Language code of text/sound track or separate title mal
082 ## - DEWEY DECIMAL CLASSIFICATION NUMBER
Classification number 824.812308
Item number SRE/AM
100 ## - MAIN ENTRY--AUTHOR NAME
Personal name Sreekumaran Thampi, Haripadu .
245 ## - TITLE STATEMENT
Title Ambili akaleyanu
260 ## - PUBLICATION, DISTRIBUTION, ETC. (IMPRINT)
Place of publication Eranakulam :
Name of publisher Parishath book stall ,
Year of publication 1961.
300 ## - PHYSICAL DESCRIPTION
Number of Pages 76 ; .
942 ## - ADDED ENTRY ELEMENTS (KOHA)
Koha item type Books
Holdings
Withdrawn status Lost status Damaged status Home library Current library Shelving location Date acquired Cost, normal purchase price Full call number Accession Number Koha item type
    Damaged KAUAET KAUAET Binding Shelf 12/10/2020 1.00 824.812308 SRE/AM 1478 Books
free website counter